000 01433nam a2200433 i 4500
001 7260
003 KOSZ 005
005 20200430112635.0
008 070608s1971 pl a f f |000 0 pol
015 _aUWD 1971/5806
035 _a991037192389705066
035 _a(PL-WaBN)b19978169-48omnis_nlop
035 _ab19978169
035 _a(OCoLC)749342141
035 _a(PL)b0000001997816
035 _a(EXLNZ-48OMNIS_NETWORK)9910030261805606
040 _aWA N
_cWA N
_dWA N
_dKOSZ 005/HR
080 _a621.74
080 _a(075.8)
100 1 _aLewandowski, Jan Lech
_d(1926-2019)
_eAutor
245 1 0 _aMateriały formierskie /
_cLech Lewandowski.
260 _aWarszawa :
_bPaństwowe Wydawnictwo Naukowe,
_c1971.
300 _a467, [1] s., [3] k. tabl. :
_bil. ;
_c23 cm.
336 _aTekst
_btxt
_2rdacontent
337 _aBez urządzenia pośredniczącego
_bn
_2rdamedia
338 _aWolumin
_bnc
_2rdacarrier
380 _aKsiążki
380 _aPublikacje dydaktyczne
385 _mPoziom nauczania
388 _aSzkoły wyzsze
504 _aBibliogr.
650 7 _aFormierstwo
_2DBN
655 7 _aPodręczniki akademickie
_2DBN
658 _aInżynieria i technika
710 2 _aPaństwowe Wydawnictwo Naukowe
_4pbl
856 _uhttp://koha.tu.koszalin.pl/cgi-bin/koha/opac-detail.pl?biblionumber=7260
_zKatalog online BPK
942 _2UKD
_cKS
999 _c7260
_d7260